[Event "NED-ch 2008 sf"]
[Site "Hilversum"]
[Date "2008.02.24"]
[Round "2.2"]
[White "Bosch, Jeroen"]
[Black "Cardon, Helmut"]
[Result "1-0"]
[WhiteElo "2437"]
[BlackElo "2398"]
[PlyCount "81"]
[EventDate "2008.01.05"]

1. d4 d5 2. c4 dxc4 3. Nf3 Nf6 4. Qa4+ Nc6 5. Nc3 Nd5 6. e4 Nb6 7. Qd1 Bg4 8.
d5 Ne5 9. Bf4 Bxf3 10. gxf3 Qd6 11. Bg3 O-O-O 12. f4 Nd3+ 13. Bxd3 cxd3 14. f5
Qb4 15. O-O e5 16. Qxd3 Bd6 17. Rfc1 a6 18. Qc2 g6 19. fxg6 hxg6 20. f3 Nd7 21.
Kg2 Be7 22. Nd1 Qd6 23. Ne3 Nb6 24. a4 Bg5 25. Qc3 f6 26. a5 Bxe3 27. Qxe3 Nd7
28. Ra4 Nb8 29. Rac4 Rd7 30. f4 c6 31. fxe5 fxe5 32. Qg5 Rh5 33. Qg4 Kd8 34.
Bh4+ Ke8 35. Rf1 Rxh4 36. Qxh4 Rf7 37. Qh8+ Ke7 38. Rxf7+ Kxf7 39. Rc2 Nd7 40.
Rf2+ Nf6 41. Qh7+ 1-0

[Event "NED-ch 2008 sf"]
[Site "Hilversum"]
[Date "2008.02.24"]
[Round "2.2"]
[White "Okkes, Menno"]
[Black "Bosboom, Manuel"]
[Result "1/2-1/2"]
[WhiteElo "2386"]
[BlackElo "2434"]
[PlyCount "45"]
[EventDate "2008.01.05"]

1. e4 c5 2. Nf3 d6 3. d4 cxd4 4. Nxd4 Nf6 5. Nc3 a6 6. Be3 e6 7. g4 h6 8. Bg2
Nc6 9. h3 Bd7 10. Qe2 Nxd4 11. Bxd4 e5 12. Be3 Rc8 13. Qd2 Be6 14. O-O-O Be7
15. Kb1 O-O 16. Nd5 Bxd5 17. exd5 Re8 18. Rdg1 Bf8 19. f3 e4 20. f4 Qc7 21. Rc1
b5 22. Rhd1 Nd7 23. Re1 1/2-1/2

[Event "NED-ch 2008 sf"]
[Site "Hilversum"]
[Date "2008.02.24"]
[Round "2.2"]
[White "Grooten, Herman"]
[Black "Wiersma, Eelke"]
[Result "0-1"]
[WhiteElo "2350"]
[BlackElo "2426"]
[PlyCount "78"]
[EventDate "2008.01.05"]

1. d4 f5 2. g3 Nf6 3. Bg2 g6 4. Nf3 Bg7 5. b4 O-O 6. c4 c6 7. Bb2 a5 8. a3 d5
9. Nbd2 axb4 10. axb4 Rxa1 11. Qxa1 Na6 12. Qa5 dxc4 13. Nxc4 Nd5 14. b5 Qxa5+
15. Nxa5 cxb5 16. Ne5 Be6 17. e3 Rc8 18. Kd2 Bxe5 19. dxe5 b6 20. Nb3 Nxe3 21.
Nd4 Bd5 22. Kxe3 Bxg2 23. Ra1 Bb7 24. Nxb5 Rc2 25. Bd4 Nb4 26. Ra7 Ba6 27. e6
Rc8 28. Na3 Bf1 29. Rd7 Kf8 30. Kf4 b5 31. Rb7 Nc6 32. Bc5 Kg7 33. Nc2 Nd8 34.
Bd4+ Kf8 35. Rd7 Nxe6+ 36. Ke5 Kf7 37. Ne3 Bc4 38. f4 Bb3 39. Rb7 Nd8 0-1

[Event "NED-ch 2008 sf"]
[Site "Hilversum"]
[Date "2008.02.24"]
[Round "2.3"]
[White "Grooten, Herman"]
[Black "Wiersma, Eelke"]
[Result "0-1"]
[WhiteElo "2350"]
[BlackElo "2426"]
[PlyCount "44"]
[EventDate "2008.01.05"]

1. d4 f5 2. g3 Nf6 3. Bg2 g6 4. Nf3 Bg7 5. b4 O-O 6. c4 c6 7. a4 d5 8. c5 Ne4
9. Qc2 b6 10. Ra3 Nd7 11. Bb2 a5 12. cxb6 axb4 13. Qxc6 Nxb6 14. a5 bxa3 15.
axb6 a2 16. O-O axb1=Q 17. Rxb1 Rb8 18. Ba3 Rf6 19. Ne5 Rxc6 20. Nxc6 Rxb6 21.
Rxb6 Qxb6 22. Nxe7+ Kf7 0-1

[Event "NED-ch 2008 sf"]
[Site "Hilversum"]
[Date "2008.02.24"]
[Round "2.3"]
[White "Brandenburg, Daan"]
[Black "Van Delft, Merijn"]
[Result "0-1"]
[WhiteElo "2483"]
[BlackElo "2418"]
[PlyCount "120"]
[EventDate "2008.01.05"]

1. e4 e5 2. d4 exd4 3. Nf3 Bb4+ 4. Bd2 Bxd2+ 5. Qxd2 Qe7 6. Qxd4 Nf6 7. Nc3 Nc6
8. Qe3 d6 9. h3 O-O 10. O-O-O Re8 11. Bd3 Ne5 12. g4 Nxd3+ 13. cxd3 c6 14. Nd4
Bd7 15. Rhg1 b5 16. Nf5 Bxf5 17. gxf5 Kh8 18. Kb1 a5 19. f3 a4 20. Ne2 a3 21.
b3 c5 22. Rc1 Rac8 23. Nf4 Qe5 24. Rg2 Qxf5 25. Rcg1 Qe5 26. Qd2 Rg8 27. Rg5
Qe7 28. h4 c4 29. Rxb5 cxb3 30. Rxb3 Rb8 31. d4 Rxb3+ 32. axb3 Rb8 33. Ka2 h6
34. h5 Rc8 35. Rc1 Rb8 36. Rc6 Rxb3 37. Rc8+ Kh7 38. Kxb3 Qb7+ 39. Kxa3 Qxc8
40. Qd3 Qc1+ 41. Kb3 Qxf4 42. e5+ Kh8 43. exf6 Qxf6 44. Kc3 Qg5 45. Qe4 Qxh5
46. Kd2 Qg5+ 47. Ke2 Qf6 48. Kf2 g6 49. Qe8+ Kg7 50. Qe4 h5 51. Kg3 Qg5+ 52.
Kf2 Qf5 53. Qc6 Qf4 54. Qc3 h4 55. d5+ Qe5 56. Qd3 h3 57. Qf1 Qb2+ 58. Ke3 h2
59. Kf4 Qe5+ 60. Kg4 Qh5+ 0-1

[Event "NED-ch 2008 sf"]
[Site "Hilversum"]
[Date "2008.02.24"]
[Round "2.3"]
[White "Jonkman, Harmen"]
[Black "Janssen, Ruud"]
[Result "1/2-1/2"]
[WhiteElo "2513"]
[BlackElo "2421"]
[PlyCount "140"]
[EventDate "2008.01.05"]

1. e4 c5 2. c3 d6 3. d4 Nf6 4. Bd3 g6 5. h3 Bg7 6. Nf3 O-O 7. dxc5 dxc5 8. e5
Nfd7 9. e6 fxe6 10. Qe2 Nc6 11. Ng5 Nde5 12. Bc2 h6 13. Ne4 b6 14. f4 Nf7 15.
Ng3 e5 16. f5 gxf5 17. Nxf5 Bxf5 18. Bxf5 Nd6 19. Be4 Nxe4 20. Qxe4 Qd7 21. Be3
e6 22. Nd2 Qd5 23. O-O-O Ne7 24. c4 Qxe4 25. Nxe4 Nf5 26. Rhe1 Rad8 27. Bg1
Rxd1+ 28. Rxd1 h5 29. Rd7 Nh4 30. Be3 Nxg2 31. Bg5 Rf1+ 32. Kd2 Rb1 33. Bf6
Bh6+ 34. Kc2 Rc1+ 35. Kb3 Re1 36. Nd6 Rd1 37. Bxe5 Bf8 38. Ka4 Ne3 39. Kb5 Nf5
40. Ne4 Rxd7 41. Nf6+ Kf7 42. Nxd7 Bd6 43. Ka6 Ke7 44. Bxd6+ Kxd6 45. Nf6 h4
46. Kxa7 Kc6 47. Ng4 Nd6 48. Ne5+ Kc7 49. Ka6 Ne4 50. Nf3 Nf2 51. Nxh4 Nxh3 52.
Nf3 Nf2 53. a4 Nd3 54. b3 e5 55. Nd2 Kc6 56. Ne4 Nc1 57. Nd2 e4 58. Nxe4 Nxb3
59. Nc3 Na5 60. Nb5 Nxc4 61. Na7+ Kc7 62. Nb5+ Kc8 63. Na7+ Kc7 64. Nb5+ Kc6
65. Na7+ Kd5 66. Nc8 Kc6 67. Na7+ Kc7 68. Nb5+ Kc8 69. Nc3 Kc7 70. Nb5+ Kc6
1/2-1/2

[Event "NED-ch 2008 sf"]
[Site "Hilversum"]
[Date "2008.02.24"]
[Round "2.4"]
[White "Van Delft, Merijn"]
[Black "Brandenburg, Daan"]
[Result "0-1"]
[WhiteElo "2418"]
[BlackElo "2483"]
[PlyCount "96"]
[EventDate "2008.01.05"]

1. Nf3 Nf6 2. g3 g6 3. Bg2 Bg7 4. O-O O-O 5. d3 c5 6. Nc3 Nc6 7. a3 Rb8 8. a4
a6 9. e4 d6 10. Re1 b5 11. axb5 axb5 12. e5 dxe5 13. Nxe5 Nxe5 14. Rxe5 Nd7 15.
Re1 b4 16. Ne4 Bb7 17. Nd2 Bxg2 18. Kxg2 Ne5 19. Qe2 Nc6 20. Nf3 Ra8 21. Rxa8
Qxa8 22. Be3 Qa5 23. b3 Rc8 24. Rc1 e6 25. Nd2 Qa8 26. Kg1 Bb2 27. Rb1 Bd4 28.
Nc4 Rd8 29. Qf3 Ne7 30. Qxa8 Rxa8 31. Bd2 Ra2 32. Rc1 Nd5 33. Kf1 Nc7 34. Ke2
Nb5 35. Be3 f6 36. h3 e5 37. Kd2 Kf7 38. g4 Ke6 39. Bxd4 Nxd4 40. Kd1 f5 41.
Ne3 e4 42. gxf5+ gxf5 43. dxe4 fxe4 44. Rb1 Ke5 45. Kd2 Kf4 46. Rg1 Nxb3+ 47.
Ke2 Nd4+ 48. Kd2 Nf3+ 0-1

[Event "NED-ch 2008 sf"]
[Site "Hilversum"]
[Date "2008.02.24"]
[Round "2.4"]
[White "Janssen, Ruud"]
[Black "Jonkman, Harmen"]
[Result "1-0"]
[WhiteElo "2513"]
[BlackElo "2421"]
[PlyCount "79"]
[EventDate "2008.01.05"]

1. c4 e6 2. Nc3 d5 3. d4 c6 4. e3 Nf6 5. Nf3 Nbd7 6. Qc2 dxc4 7. Bxc4 b5 8. Bd3
Bb7 9. O-O Be7 10. e4 h6 11. e5 Nd5 12. Nxd5 cxd5 13. Bxb5 O-O 14. Qe2 a6 15.
Bd3 Qb6 16. Be3 Bc6 17. Rfc1 Bb5 18. Rc2 Ba4 19. b3 Bb5 20. h3 Ba3 21. Bc1 Be7
22. Bb2 Ra7 23. Rac1 Qb8 24. Ne1 Bg5 25. Ba3 Re8 26. Bd6 Qb6 27. Rc8 Ra8 28.
Rxe8+ Rxe8 29. Bc5 Qa5 30. Rc2 f6 31. Bxb5 axb5 32. Nd3 fxe5 33. dxe5 Rc8 34.
Bd6 Qd8 35. f4 Rxc2 36. Qxc2 Bh4 37. Kh2 Be7 38. Qc6 Bxd6 39. Qxd6 Qe8 40. f5
1-0

[Event "NED-ch 2008 sf"]
[Site "Hilversum"]
[Date "2008.02.24"]
[Round "2.4"]
[White "Wiersma, Eelke"]
[Black "Grooten, Herman"]
[Result "0-1"]
[WhiteElo "2426"]
[BlackElo "2350"]
[PlyCount "84"]
[EventDate "2008.01.05"]

1. d4 Nf6 2. c4 e6 3. Nc3 Bb4 4. Bg5 h6 5. Bh4 c5 6. d5 Bxc3+ 7. bxc3 d6 8. e3
e5 9. Nf3 Bf5 10. Nd2 g5 11. Bg3 Nbd7 12. f3 Nf8 13. Bf2 h5 14. e4 Bd7 15. Be3
Rg8 16. g3 h4 17. Qb3 b6 18. a4 Rb8 19. Be2 Nh5 20. g4 Nf4 21. Bxf4 exf4 22. h3
Ng6 23. Kf2 Ne5 24. Rhb1 Ke7 25. Rb2 Qc7 26. Nb1 Rgc8 27. Na3 a6 28. Nc2 Rb7
29. Ne1 Rcb8 30. Qa2 b5 31. cxb5 axb5 32. axb5 Bxb5 33. c4 Bxc4 34. Rxb7 Qxb7
35. Bxc4 Nxc4 36. Qxc4 Qb2+ 37. Nc2 Rb3 38. e5 dxe5 39. d6+ Kxd6 40. Ra6+ Rb6
41. Ra2 Qc1 42. Qxf7 Qd2+ 0-1

[Event "NED-ch 2008 sf"]
[Site "Hilversum"]
[Date "2008.02.24"]
[Round "2.5"]
[White "Wiersma, Eelke"]
[Black "Grooten, Herman"]
[Result "0-1"]
[WhiteElo "2426"]
[BlackElo "2350"]
[PlyCount "70"]
[EventDate "2008.01.05"]

1. e4 c6 2. d4 d5 3. e5 Bf5 4. Nc3 a6 5. Be3 Qb6 6. Na4 Qa5+ 7. c3 e6 8. Nf3
Nd7 9. Be2 Ne7 10. h3 Be4 11. O-O Nf5 12. Bd2 Qc7 13. b3 Be7 14. Ne1 Nh4 15. g3
b5 16. Nb2 Ba3 17. Nbd3 Nf5 18. Nf4 Ne7 19. b4 Bb2 20. f3 g5 21. fxe4 gxf4 22.
Rb1 Rg8 23. Rxb2 Rxg3+ 24. Kh2 Ng6 25. Bxf4 Rxc3 26. Bg3 a5 27. a3 axb4 28.
axb4 dxe4 29. Nc2 Nb6 30. Qe1 Nd5 31. Qf2 Qe7 32. Qg1 Qg5 33. Be1 Rxh3+ 34.
Kxh3 Ndf4+ 35. Kh2 Qh6+ 0-1

[Event "NED-ch 2008 sf"]
[Site "Hilversum"]
[Date "2008.02.24"]
[Round "2.5"]
[White "Brandenburg, Daan"]
[Black "Van Delft, Merijn"]
[Result "1/2-1/2"]
[WhiteElo "2483"]
[BlackElo "2418"]
[PlyCount "106"]
[EventDate "2008.01.05"]

1. e4 e5 2. Bc4 Nf6 3. d4 exd4 4. Nf3 Nc6 5. Ng5 d5 6. exd5 Qe7+ 7. Kf1 Ne5 8.
Qxd4 Nxc4 9. Qxc4 Qc5 10. Qxc5 Bxc5 11. Nc3 Bf5 12. Bf4 Bxc2 13. Re1+ Kd7 14.
Nxf7 Rhe8 15. Ne5+ Kd8 16. Rc1 Bf5 17. Nb5 Bb6 18. Nxc7 Bxc7 19. Nf7+ Ke7 20.
Rxc7+ Kf8 21. Ne5 Nxd5 22. Rf7+ Kg8 23. Rxf5 Nxf4 24. g3 g6 25. Rxf4 Rxe5 26.
Rd4 Rc8 27. Rd2 Rc7 28. Kg2 Kf7 29. Rhd1 Ree7 30. f3 b6 31. Kf2 Kf6 32. Rd6+
Kg7 33. R1d2 Kf7 34. f4 Kg7 35. g4 Rc4 36. R6d4 Rcc7 37. Kf3 Kf7 38. g5 Rc1 39.
Rd1 Rc2 40. R4d2 Rc4 41. Rd7 Rc2 42. R1d2 Rc1 43. Rxe7+ Kxe7 44. Ke4 Re1+ 45.
Kd5 Kd7 46. b4 a6 47. a4 Ra1 48. Ke5+ Ke7 49. Rc2 Re1+ 50. Kd5 Kd7 51. b5 axb5
52. axb5 Rb1 53. Kc4 Rf1 1/2-1/2

[Event "NED-ch 2008 sf"]
[Site "Hilversum"]
[Date "2008.02.24"]
[Round "2.6"]
[White "Van Delft, Merijn"]
[Black "Brandenburg, Daan"]
[Result "1/2-1/2"]
[WhiteElo "2418"]
[BlackElo "2483"]
[PlyCount "133"]
[EventDate "2008.01.05"]

1. e4 c5 2. Nf3 d6 3. d4 cxd4 4. Nxd4 Nf6 5. Nc3 e6 6. Be3 Be7 7. f3 Nc6 8. Qd2
O-O 9. O-O-O a6 10. g4 Nd7 11. h4 Nde5 12. Be2 Na5 13. g5 b5 14. b3 Bd7 15.
Rdg1 Rc8 16. h5 d5 17. Nb1 dxe4 18. fxe4 Bc6 19. Nxc6 Naxc6 20. Qxd8 Rfxd8 21.
Kb2 Nb4 22. Rc1 Rd7 23. a3 Nbc6 24. Rhd1 f6 25. Rxd7 Nxd7 26. gxf6 Bxf6+ 27.
Ka2 Kf7 28. c4 b4 29. c5 a5 30. Bb5 h6 31. Nd2 Nde5 32. Nc4 Nxc4 33. Rxc4 Bc3
34. Bxc6 Rxc6 35. e5 g5 36. hxg6+ Kxg6 37. Rg4+ Kf5 38. Rh4 Kxe5 39. Rxh6 Kd5
40. a4 Bd4 41. Bxd4 Kxd4 42. Kb2 Kd5 43. Kc2 Rxc5+ 44. Kd2 Rc3 45. Rh5+ e5 46.
Rh8 Rxb3 47. Rd8+ Ke4 48. Ra8 Kd4 49. Rxa5 e4 50. Ra8 Rb2+ 51. Kc1 Ra2 52. Kb1
b3 53. a5 e3 54. a6 e2 55. Rd8+ Kc3 56. Rc8+ Kd2 57. Rd8+ Ke1 58. Rd6 Rd2 59.
a7 Ra2 60. Rd7 Kf2 61. Rf7+ Kg2 62. Rg7+ Kf3 63. Rf7+ Ke3 64. Re7+ Kd3 65. Rd7+
Kc4 66. Rc7+ Kd4 67. Rd7+ 1/2-1/2

[Event "NED-ch 2008 sf"]
[Site "Hilversum"]
[Date "2008.02.24"]
[Round "2.7"]
[White "Brandenburg, Daan"]
[Black "Van Delft, Merijn"]
[Result "0-1"]
[WhiteElo "2483"]
[BlackElo "2418"]
[PlyCount "126"]
[EventDate "2008.01.05"]

1. e4 c6 2. d4 d5 3. e5 Bf5 4. Nf3 e6 5. Be2 c5 6. Be3 Qb6 7. Nc3 Qxb2 8. Qb1
Qxc3+ 9. Bd2 Qxa1 10. Qxa1 Nc6 11. O-O c4 12. Qb2 O-O-O 13. a4 h6 14. Be3 Nge7
15. Nd2 Bg6 16. Nxc4 dxc4 17. Bxc4 Nd5 18. Be2 Bb4 19. c4 Nxe3 20. fxe3 a5 21.
Bf3 Rhe8 22. Qe2 Re7 23. c5 Nxe5 24. dxe5 Bd3 25. Qf2 Bxf1 26. Qxf1 Bxc5 27. g3
Rc7 28. Kg2 Bxe3 29. Qb5 Bd2 30. Kh3 g6 31. Qe2 h5 32. Qe4 Bc3 33. Be2 Rd5 34.
Qf3 Rxe5 35. Bb5 Rf5 36. Qe3 Rfc5 37. Qh6 Kb8 38. Qf8+ Ka7 39. Qd6 g5 40. g4
Be5 41. Qd8 Rc3+ 42. Kg2 hxg4 43. Qxg5 Rc2+ 44. Kf1 f5 45. Qe3+ R2c5 46. Be2
Bxh2 47. Qxe6 Bg3 48. Kg2 Bf4 49. Qf6 Bd2 50. Qd4 Bb4 51. Bd3 Kb8 52. Qd8+ Rc8
53. Qd6+ Ka7 54. Qd4 Rf8 55. Be2 Rf7 56. Bc4 Rf8 57. Be2 Ka8 58. Bd3 f4 59. Qd7
Kb8 60. Qxg4 f3+ 61. Kf2 Rc7 62. Qe6 Bc5+ 63. Kf1 Rh8 0-1

[Event "NED-ch 2008 sf"]
[Site "Hilversum"]
[Date "2008.02.25"]
[Round "3.1"]
[White "Janssen, Ruud"]
[Black "Grooten, Herman"]
[Result "1-0"]
[WhiteElo "2513"]
[BlackElo "2350"]
[PlyCount "51"]
[EventDate "2008.01.05"]

1. d4 Nf6 2. c4 e6 3. Nc3 Bb4 4. e3 c5 5. Nge2 cxd4 6. exd4 O-O 7. a3 Be7 8.
Nf4 d5 9. cxd5 Nxd5 10. Ncxd5 exd5 11. Bd3 Nc6 12. O-O Bf6 13. Be3 g6 14. Rc1
Ne7 15. Qb3 Qb6 16. Qxb6 axb6 17. Rc7 Rd8 18. Rfc1 Rb8 19. Bb5 Kg7 20. Ba4 Kf8
21. h3 h6 22. Bb3 Bf5 23. g4 Be4 24. f3 Bxf3 25. Rf1 Be4 26. Ne6+ 1-0

[Event "NED-ch 2008 sf"]
[Site "Hilversum"]
[Date "2008.02.25"]
[Round "3.1"]
[White "De Jong, Jan Willem"]
[Black "Swinkels, Robin"]
[Result "1-0"]
[WhiteElo "2445"]
[BlackElo "2433"]
[PlyCount "81"]
[EventDate "2008.01.05"]

1. d4 Nf6 2. c4 g6 3. Nc3 d5 4. Bf4 Bg7 5. e3 c5 6. dxc5 Qa5 7. Rc1 dxc4 8.
Bxc4 O-O 9. Nge2 Qxc5 10. Qb3 Qh5 11. Nb5 Na6 12. O-O b6 13. Rfd1 Nc5 14. Qa3
e5 15. Ng3 Qh4 16. Bxe5 Ng4 17. Bxg7 Qxh2+ 18. Kf1 Bb7 19. Bd5 Bxd5 20. Rxd5
Kxg7 21. Rc4 h5 22. Nd4 Rad8 23. Qc3 Kh7 24. Nf3 Qxg3 25. fxg3 Rxd5 26. Rd4
Rfd8 27. Ke2 Kg8 28. b4 Rxd4 29. exd4 Re8+ 30. Ne5 Nd7 31. Qc6 Ngxe5 32. dxe5
Rxe5+ 33. Kd2 Nf8 34. Qb7 Rg5 35. Qxa7 Rxg3 36. Qa8 Kg7 37. a4 Ne6 38. a5 bxa5
39. bxa5 Nc5 40. Qd5 Nb3+ 41. Kc2 1-0

[Event "NED-ch 2008 sf"]
[Site "Hilversum"]
[Date "2008.02.25"]
[Round "3.1"]
[White "Van Delft, Merijn"]
[Black "Visser, Yge"]
[Result "0-1"]
[WhiteElo "2418"]
[BlackElo "2470"]
[PlyCount "66"]
[EventDate "2008.01.05"]

1. e4 e6 2. d4 d5 3. Nc3 Nf6 4. e5 Nfd7 5. f4 c5 6. Nf3 Nc6 7. Be3 a6 8. Qd2 b5
9. dxc5 Bxc5 10. Ne2 Qb6 11. Bxc5 Nxc5 12. Ned4 Bb7 13. Bd3 b4 14. Qe3 Nxd4 15.
Qxd4 a5 16. O-O Ba6 17. Bxa6 Rxa6 18. a3 b3 19. c4 Nd3 20. c5 Nxc5 21. Rac1 Nb7
22. Qxb6 Rxb6 23. Rc8+ Nd8 24. Rfc1 O-O 25. R1c7 a4 26. Nd4 Nb7 27. f5 Na5 28.
Rxf8+ Kxf8 29. f6 Rb8 30. Ra7 Nc4 31. Nc6 Rc8 32. Rxa4 gxf6 33. Na7 Nxb2 0-1

[Event "NED-ch 2008 sf"]
[Site "Hilversum"]
[Date "2008.02.25"]
[Round "3.1"]
[White "Bosboom, Manuel"]
[Black "Bosch, Jeroen"]
[Result "1/2-1/2"]
[WhiteElo "2434"]
[BlackElo "2437"]
[PlyCount "87"]
[EventDate "2008.01.05"]

1. d4 Nf6 2. Nf3 e6 3. c4 Bb4+ 4. Nbd2 b6 5. a3 Bxd2+ 6. Qxd2 Bb7 7. b3 O-O 8.
Bb2 d6 9. Rg1 Ne4 10. Qf4 f6 11. d5 Nc5 12. dxe6 Nxe6 13. Qh4 Nd7 14. O-O-O
Ndc5 15. Nd2 f5 16. Qh3 Qe7 17. g4 f4 18. g5 a5 19. Qc3 Ne4 20. Nxe4 Bxe4 21.
h4 Nc5 22. Bg2 a4 23. Bxe4 Nxe4 24. Qf3 axb3 25. Rd4 Rae8 26. g6 h6 27. h5 Qe6
28. Rgd1 Rf5 29. Rd5 Nc5 30. Qc3 Re5 31. R1d2 Na4 32. Qxb3 Nxb2 33. Qxb2 Rxe2
34. Rxe2 Qxe2 35. Qxe2 Rxe2 36. Rf5 Re5 37. Rf7 Rxh5 38. Rxc7 Kf8 39. Rf7+ Ke8
40. Rxg7 Rc5 41. Kd2 Rxc4 42. Rh7 Kf8 43. g7+ Kg8 44. Rxh6 1/2-1/2

[Event "NED-ch 2008 sf"]
[Site "Hilversum"]
[Date "2008.02.26"]
[Round "3.2"]
[White "Grooten, Herman"]
[Black "Janssen, Ruud"]
[Result "0-1"]
[WhiteElo "2350"]
[BlackElo "2513"]
[PlyCount "80"]
[EventDate "2008.01.05"]

1. d4 Nf6 2. c4 e6 3. Nf3 d5 4. Nc3 Be7 5. cxd5 exd5 6. Bf4 c6 7. Qc2 g6 8. Ne5
Bf5 9. Qd2 Ne4 10. Nxe4 Bxe4 11. f3 Bf5 12. e4 Be6 13. Be2 Nd7 14. Ng4 Bxg4 15.
fxg4 Nf6 16. exd5 Nxd5 17. O-O O-O 18. Bh6 Re8 19. Rf3 Bb4 20. Qc2 Qh4 21. Rh3
Qf6 22. Rd1 Re6 23. Qc4 Rae8 24. Rf1 Qe7 25. Bd3 Re1 26. a3 Bd6 27. Bd2 Rxf1+
28. Bxf1 Bf4 29. Bc3 Qg5 30. Be2 Be3+ 31. Kh1 Bd2 32. Rf3 b5 33. Qxc6 Rxe2 34.
Bxd2 Qxd2 35. h3 Re1+ 36. Kh2 Qxd4 37. Qxb5 Qe5+ 38. g3 Qe2+ 39. Qxe2 Rxe2+ 40.
Kg1 Rxb2 0-1

[Event "NED-ch 2008 sf"]
[Site "Hilversum"]
[Date "2008.02.26"]
[Round "3.2"]
[White "Visser, Yge"]
[Black "Van Delft, Merijn"]
[Result "1/2-1/2"]
[WhiteElo "2470"]
[BlackElo "2418"]
[PlyCount "52"]
[EventDate "2008.01.05"]

1. e4 c5 2. Nf3 e6 3. d3 b6 4. g3 Bb7 5. Bg2 d6 6. O-O Nd7 7. Nc3 Be7 8. Nd2
Qc7 9. Nc4 a6 10. a4 Ngf6 11. Qe2 O-O 12. f4 Rab8 13. f5 Rfe8 14. fxe6 fxe6 15.
Bf4 Ne5 16. Bh3 Bc8 17. Nxe5 dxe5 18. Be3 b5 19. axb5 axb5 20. Nd1 c4 21. Nf2
Bc5 22. dxc4 Bxe3 23. Qxe3 bxc4 24. Ra7 Qb6 25. Qxb6 Rxb6 26. Rc7 Bb7 1/2-1/2

[Event "NED-ch 2008 sf"]
[Site "Hilversum"]
[Date "2008.02.26"]
[Round "3.2"]
[White "Swinkels, Robin"]
[Black "De Jong, Jan Willem"]
[Result "1/2-1/2"]
[WhiteElo "2433"]
[BlackElo "2445"]
[PlyCount "81"]
[EventDate "2008.01.05"]

1. e4 e5 2. Nf3 Nc6 3. Bb5 f5 4. d3 fxe4 5. dxe4 Nf6 6. Nc3 Bb4 7. Qd3 d6 8.
O-O Bxc3 9. Qxc3 Bd7 10. Re1 O-O 11. Bg5 Qe8 12. Bh4 Kh8 13. Bxc6 Bxc6 14. Bxf6
Rxf6 15. Nd2 Qh5 16. Nf1 Raf8 17. Ng3 Qf7 18. f3 g6 19. Nf1 h5 20. h3 Qe7 21.
Rad1 R6f7 22. Qe3 b6 23. Qh6+ Rh7 24. Qd2 Bd7 25. Ne3 Be6 26. Nd5 Bxd5 27. Qxd5
g5 28. Kf2 g4 29. hxg4 Qh4+ 30. Ke3 Qg3 31. Re2 hxg4 32. Rf1 gxf3 33. gxf3 Qf4+
34. Kd3 Qf7 35. Qxf7 Rhxf7 36. Ke3 Kg7 37. Rg2+ Kf6 38. f4 exf4+ 39. Rxf4+ Ke6
40. Rg6+ Kd7 41. Rxf7+ 1/2-1/2

[Event "NED-ch 2008 sf"]
[Site "Hilversum"]
[Date "2008.02.26"]
[Round "3.2"]
[White "Bosch, Jeroen"]
[Black "Bosboom, Manuel"]
[Result "0-1"]
[WhiteElo "2437"]
[BlackElo "2434"]
[PlyCount "76"]
[EventDate "2008.01.05"]

1. d4 Nf6 2. c4 d6 3. Nc3 Nbd7 4. Nf3 e5 5. e4 g6 6. Be2 Bg7 7. O-O O-O 8. d5
Nc5 9. Nd2 a5 10. Rb1 Nfd7 11. b3 f5 12. a3 Nf6 13. b4 Na6 14. Qc2 Bh6 15. exf5
gxf5 16. Nb3 Bxc1 17. Nxc1 f4 18. Re1 Kh8 19. Bf3 axb4 20. axb4 Rg8 21. c5 Ng4
22. Nd3 Qh4 23. h3 Qxh3 24. gxh3 Ne3+ 25. Kh2 Nxc2 26. Rec1 Nd4 27. Be4 Rg5 28.
cxd6 cxd6 29. b5 Rh5 30. Bg2 Nc5 31. Nxc5 Bxh3 32. N5e4 Rg8 33. Ng3 fxg3+ 34.
fxg3 Bf5+ 35. Kg1 Bxb1 36. Rxb1 Rxg3 37. Ne4 Rg6 38. Ra1 Rh4 0-1